[Event "Niedersachsen-ch U10"]
[Site "Norderney"]
[Date "2014.04.18"]
[Round "11"]
[White "Reichelt, Lena"]
[Black "Ter Stal, Lars"]
[Result "1/2-1/2"]
[WhiteElo "940"]
[BlackElo "1185"]
[PlyCount "61"]
[EventDate "2014.04.??"]
[EventType "swiss"]
[EventRounds "11"]
[EventCountry "GER"]
[SourceTitle "EXT 2017"]
[Source "ChessBase"]
[SourceDate "2016.10.25"]
[SourceVersion "1"]
[SourceVersionDate "2016.10.25"]
[SourceQuality "1"]

1. d4 e6 2. Nf3 Nf6 3. e3 b6 4. Bd3 Bb7 5. Nbd2 d5 6. c3 c5 7. 0-0 Nbd7 8. Re1 cxd4 9. exd4 Bd6 10. Nb3 0-0 11. Bg5 Re8 12. Qc2 Nf8 13. Re3 h6 14. Bh4 Be7 15. Rae1 Ng4 16. Bxe7 Nxe3 17. Bxd8 Nxc2 18. Bxc2 Rexd8 19. Nbd2 Ng6 20. Nf1 Ba6 21. Ng3 Re8 22. Bxg6 fxg6 23. Ne5 Kh7 24. a3 Rf8 25. Nd7 Rf4 26. Rxe6 Bc8 27. Rd6 Bxd7 28. Rxd7 Raf8 29. f3 Re8 30. Kf2 a6 31. Rxd5 1/2-1/2

[Event "Niedersachsen-ch U10"]
[Site "Norderney"]
[Date "2014.04.15"]
[Round "8"]
[White "Reichelt, Lena"]
[Black "Diderle, Konstantin"]
[Result "0-1"]
[WhiteElo "940"]
[BlackElo "1175"]
[PlyCount "154"]
[EventDate "2014.04.??"]
[EventType "swiss"]
[EventRounds "11"]
[EventCountry "GER"]
[SourceTitle "EXT 2017"]
[Source "ChessBase"]
[SourceDate "2016.10.25"]
[SourceVersion "1"]
[SourceVersionDate "2016.10.25"]
[SourceQuality "1"]

1. d4 c5 2. e3 cxd4 3. exd4 e6 4. c4 d5 5. Nf3 Nf6 6. Nc3 Be7 7. Bf4 Nc6 8. Be2 0-0 9. 0-0 dxc4 10. Bxc4 b6 11. Re1 Bd6 12. Bxd6 Qxd6 13. Ne5 Bb7 14. Nxc6 Qxc6 15. d5 exd5 16. Bb5 Qd6 17. Bc4 d4 18. Bd3 Qf4 19. Ne2 Qh4 20. Ng3 Qg5 21. Qc2 h5 22. Qc1 Qd5 23. f3 Rab8 24. Ne4 Qd8 25. Qc2 Nxe4 26. Bxe4 Qd7 27. Re2 Rfd8 28. Bd3 Rbc8 29. Qb3 Rc7 30. Qb5 Qxb5 31. Bxb5 a6 32. Bd3 b5 33. Rae1 Kf8 34. Be4 Bxe4 35. Rxe4 d3 36. Rd1 d2 37. Kf2 Rc2 38. Rb4 Rd6 39. Ke2 Ke7 40. Rb3 Kd7 41. Rd3 Rxd3 42. Kxd3 Rxb2 43. Rxd2 Rxd2+ 44. Kxd2 Kd6 45. Kd3 Kd5 46. a3 a5 47. Kc3 f6 48. Kd3 b4 49. axb4 axb4 50. g3 g6 51. f4 f5 52. h3 Kc5 53. Kc2 Kc4 54. Kb2 b3 55. Kc1 Kd3 56. Kb2 Ke3 57. Kxb3 Kf3 58. Kc2 Kxg3 59. Kd2 Kxf4 60. Ke2 Kg3 61. Kf1 Kxh3 62. Kg1 Kg3 63. Kf1 Kh2 64. Kf2 g5 65. Kf1 g4 66. Kf2 g3+ 67. Kf3 g2 68. Kf4 g1Q 69. Kxf5 Qe3 70. Kf6 Qe4 71. Kg7 Qe6 72. Kh8 Qe7 73. Kg8 Kg3 74. Kh8 Kg4 75. Kg8 Kg5 76. Kh8 Kf6 77. Kg8 Qg7# 0-1

[Event "Niedersachsen-ch U10"]
[Site "Norderney"]
[Date "2014.04.13"]
[Round "3"]
[White "Reichelt, Lena"]
[Black "Hommer, Jeremy"]
[Result "0-1"]
[WhiteElo "940"]
[BlackElo "1315"]
[PlyCount "34"]
[EventDate "2014.04.??"]
[EventType "swiss"]
[EventRounds "11"]
[EventCountry "GER"]
[SourceTitle "EXT 2017"]
[Source "ChessBase"]
[SourceDate "2016.10.25"]
[SourceVersion "1"]
[SourceVersionDate "2016.10.25"]
[SourceQuality "1"]

1. d4 f5 2. Nf3 Nf6 3. e3 e6 4. c3 d5 5. Bd3 c6 6. Nbd2 Bd6 7. 0-0 0-0 8. b3 Ne4 9. Bc2 Bd7 10. Nxe4 fxe4 11. Ne5 Rf6 12. f4 Rh6 13. c4 Qh4 14. h3 Bxe5 15. fxe5 Rg6 16. Kh2 Qg3+ 17. Kg1 Qxg2# 0-1

[Event "Niedersachsen-ch op-B"]
[Site "Verden"]
[Date "2014.01.05"]
[Round "7"]
[White "Diderle, Konstantin"]
[Black "Reichelt, Lena"]
[Result "1-0"]
[WhiteElo "1087"]
[BlackElo "938"]
[PlyCount "105"]
[EventDate "2014.01.02"]
[EventType "swiss"]
[EventRounds "7"]
[EventCountry "GER"]
[SourceTitle "EXT 2016"]
[Source "ChessBase"]
[SourceDate "2015.10.08"]
[SourceVersion "1"]
[SourceVersionDate "2015.10.08"]
[SourceQuality "1"]

1. e4 e6 2. d4 d5 3. exd5 exd5 4. Nf3 Nf6 5. Nc3 c5 6. Be3 c4 7. g3 Nc6 8. Bg2 Bb4 9. Qd2 0-0 10. 0-0 Bf5 11. a3 Bxc3 12. Qxc3 a6 13. a4 Re8 14. Qd2 Qd7 15. Rfe1 Bh3 16. Bh1 Re7 17. Re2 Rae8 18. Rae1 Ne4 19. Qd1 b5 20. axb5 axb5 21. c3 h6 22. Qc2 Na5 23. Ne5 Qf5 24. f3 Nd6 25. Qxf5 Bxf5 26. f4 f6 27. Bxd5+ Be6 28. Bxe6+ Rxe6 29. Nf3 Ne4 30. f5 R6e7 31. Nh4 Ng5 32. Kg2 Nc6 33. Kf1 Ne4 34. Ng6 Rd7 35. Bf4 b4 36. Rxe4 Rxe4 37. Rxe4 bxc3 38. bxc3 Rb7 39. d5 Rb1+ 40. Kg2 Nd8 41. Re8+ Kf7 42. Rxd8 Rb2+ 43. Kh3 Rc2 44. Rc8 Rxc3 45. d6 Rd3 46. Rxc4 Rd5 47. Re4 Rd3 48. Re7+ Kg8 49. d7 Rd4 50. Re8+ Kf7 51. d8Q Rxd8 52. Rxd8 h5 53. Rf8# 1-0

[Event "Niedersachsen-ch op-B"]
[Site "Verden"]
[Date "2014.01.04"]
[Round "6"]
[White "Reichelt, Lena"]
[Black "Moenster, Michel"]
[Result "0-1"]
[WhiteElo "938"]
[BlackElo "1716"]
[PlyCount "48"]
[EventDate "2014.01.02"]
[EventType "swiss"]
[EventRounds "7"]
[EventCountry "GER"]
[SourceTitle "EXT 2016"]
[Source "ChessBase"]
[SourceDate "2015.10.08"]
[SourceVersion "1"]
[SourceVersionDate "2015.10.08"]
[SourceQuality "1"]

1. d4 Nf6 2. c4 g6 3. Nc3 Bg7 4. Nf3 0-0 5. Bf4 d6 6. e3 Re8 7. Be2 Nbd7 8. 0-0 e5 9. Bg5 e4 10. Nd2 h6 11. Bxf6 Nxf6 12. Qb3 c6 13. Rac1 d5 14. Rfd1 Re7 15. c5 Nd7 16. a3 f5 17. Qa2 Rf7 18. b4 Qf8 19. Nb3 f4 20. exf4 Rxf4 21. Rf1 Nf6 22. h3 g5 23. Qd2 Nh7 24. a4 h5 0-1